Professional services : Texts and cases

DeLong and Nanda's Professional Services: Text and Cases is the first casebook to be published on the management of professional service firms (law firms, architecture, financial services, consulting). It includes a comprehensive selection of case studies that span these industries broadly. Alt...

Ful tanımlama

Kaydedildi:
Detaylı Bibliyografya
Yazar: Delong, Thomas
Materyal Türü: Kitap
Dil:Undetermined
Baskı/Yayın Bilgisi: Boston, MA. McGraw-Hill/Irvin 2003
Konular:
Etiketler: Etiketle
Etiket eklenmemiş, İlk siz ekleyin!
Thư viện lưu trữ: Trung tâm Học liệu Trường Đại học Cần Thơ
LEADER 01499nam a2200229Ia 4500
001 CTU_112609
008 210402s9999 xx 000 0 und d
020 |c 379600 
082 |a 658 
082 |b D361 
100 |a Delong, Thomas 
245 0 |a Professional services : 
245 0 |b Texts and cases 
245 0 |c Thomas Delong, Ashish Nanda 
260 |a Boston, MA. 
260 |b McGraw-Hill/Irvin 
260 |c 2003 
520 |a DeLong and Nanda's Professional Services: Text and Cases is the first casebook to be published on the management of professional service firms (law firms, architecture, financial services, consulting). It includes a comprehensive selection of case studies that span these industries broadly. Although much has been researched and written about managing service firms generally (e.g., food service, hotels, banking and other consumer services), very little has been compiled on managing professional services. Professional Service firms have a highly educated employee base and these firms offer both consumer and commercial services that involve managing, supporting and improving their clients' intellectual assets. Delong and Nanda have developed this text to demonstrate to students the unique challenges and opportunities attendant upon this market segment of our economy. 
650 |a Professions,Consultants,Service industries 
650 |x Marketing,Marketing,Management 
904 |i Minh 
980 |a Trung tâm Học liệu Trường Đại học Cần Thơ